000 00653nam a2200205Ia 4500
001 8398
003 GE_BSU
008 181216s||||||||xx |||||||||||||| ||und||
040 _cGE_BSU
245 _aენგური
245 _bკრებული
245 _cრედ.თ.ბექიშვილი, ს.დემურხანაშვილი, მ. სოხაძე. მხატვ. ო. ჯიშკარიანი
260 _aთბილისი
260 _bნაკადული
260 _c1970
300 _a176გვ.21სმ.
653 _aენგური
653 _aკრებული
942 _cBK
999 _c41718
_d41718